| 000 | 003180000a22001090004500 | ||
|---|---|---|---|
| 100 | 1 | _aSummerill, Dave | |
| 245 | 1 | 0 | _aHope for the wounded |
| 300 | _aVol.85, núm.3 (November 2005 - February, 2006), Páginas 10-11 | ||
| 500 | _aDave Summerill, LAM missionary - MSO | ||
| 773 | 0 | _tLatin America Evangelist | |
| 942 | _cANA | ||
| 999 |
_c60994 _d60994 |
||